Paul Pogba quiz - Statistics

General Stats
  • This quiz has been taken 18 times
  • The average score is 8 of 20
Answer Stats
Hint Answer % Correct
How many goals did Pogba score in the 2018 World Cup tournament 1
88%
In what year did Pogba first join Manchester United’s youth academy 2009
82%
Pogba started his senior international career in which year 2013
76%
Pogba played his 100th international match for France in which year 2022
76%
Which famous coach once called Pogba “a monster in midfield" José Mourinho
71%
Which manager gave Pogba his senior Manchester United debut Sir Alex Ferguson
71%
Pogba received his doping ban in which month of 2024 February
59%
Pogba made his senior debut for Manchester United in which competition League Cup (EFL Cup)
53%
Which African country is Pogba’s family originally from Guinea
47%
Pogba was called up to the senior French team for the first time in which month March
47%
Pogba once assisted four goals in one Premier League match against which team Leeds United
35%
Pogba’s first goal after returning to Manchester United came against which team Leicester City
29%
Which club did Pogba face in his first EPL match after rejoining Manchester United Southampton
29%
Pogba’s first professional red card came against which team Liverpool
18%
What is Pogba’s zodiac sign Pisces
18%
What nationality is Pogba’s wife Zulay Bolivian
12%
Pogba’s Champions League debut came against which team Chelsea
12%
Who was Paul Pogba’s first international goal against Belarus
6%
Which club did Pogba face in his Serie A debut Chievo Verona
6%
Pogba is a brand ambassador for which luxury watch company Richard Mille
6%
No matching quizzes found
Score Distribution
Percent of People with Each Score
Percentile by Number Answered
Your Score History
You have not taken this quiz